00823nam a2200205Ia 4500003000400000005001700004008004100021020001800062040000900080082001800089100002400107245005700131260004800188300000900236650001200245942004200257952015100299952015000450999001700600OSt20201130150531.0190216s9999||||xx |||||||||||||| ||und|| a9788173197482 coclc a530.13bGUH/S aGuha, Evelyn 94416 0aStatistical Mechanics An Introduction /cEvelyn Guha bNarosa Publishing House,c2009.aNew Delhi: a246p aPhysics cBK2ddch530.13iGUH/Sk530.13mGUH/S 00102ddc40708PHYSICSaMESbMEScPHYd2019-02-20g195.00l7m13o530.13 GUH/Sp36177r2024-03-27 10:31:39s2024-03-11t2w2019-02-20yBKzG11R4 00102ddc40708PHYSICSaMESbMEScPHYd2019-02-20g195.00l7m2o530.13 GUH/Sp36178r2023-08-01 12:18:07s2023-07-25t1w2019-02-20yBKzG11R4 c34487d34487